| 000 | 00906cam a2200253 a 4500 | ||
|---|---|---|---|
| 999 |
_c5337 _d5337 |
||
| 001 | 4267 | ||
| 003 | BD-DhUAP | ||
| 005 | 20201208104111.0 | ||
| 008 | 941107s1997 nyua b 001 0 eng c | ||
| 020 | _a0471122475 | ||
| 040 |
_aDLC _cDLC _dBD-DhUAP _bEng |
||
| 082 | 0 | 0 |
_220 _a616.89 LAB |
| 100 | _aL'Abate, Luciano. | ||
| 245 |
_aThe self in the family : _ba classification of personality, criminality and psychopathology / _cLuciano L'Abate ; with the collaboration of Margaret S. Baggett. |
||
| 260 |
_aNew York : _bWiley, _cc1997. |
||
| 300 |
_axii, 404 pages : _billustrations ; _c24 cm. |
||
| 490 | _aWiley series in couples and family dynamics and treatment. | ||
| 504 | _aIncludes bibliographical references and index. | ||
| 650 |
_aFamilies _vPsychological aspects. |
||
| 650 | _aPersonality development. | ||
| 650 | _aCriminal behavior. | ||
| 700 | _aBaggett, Margaret S. | ||
| 942 |
_2ddc _cBK |
||